| 000 | 00514nam a2200169Ia 4500 | ||
|---|---|---|---|
| 008 | 240729s9999 xx 000 0 und d | ||
| 022 | _a2815-2808 | ||
| 245 | 0 | _aProblems of Infectious and Parasitic Diseases | |
| 260 | _aBulgaria | ||
| 260 | _bNational Center of Infectious and Parasitic Diseases | ||
| 650 | _a Infectious and parasitic diseases | ||
| 650 | _a Internal medicine | ||
| 650 | _aMedicine | ||
| 856 | _uhttps://doaj.org/toc/f1f0cbfb55de4e57b6def67c571cc385 | ||
| 942 | _2ddc | ||
| 942 | _cDOAJEJ | ||
| 999 |
_c68952 _d68952 |
||
| 945 |
_a1 _bMadushi Gamage _c1 _dMadushi Gamage |
||